书目信息 |
| 题名: |
快速傅里叶变换和卷积算法
|
|
| 作者: | 努斯鲍默 著 ;胡光锐 译 | |
| 分册: | ||
| 出版信息: | 上海 上海科学技术文献出版社 1984 |
|
| 页数: | 292页 | |
| 开本: | 19cm | |
| 丛书名: | ||
| 单 册: | ||
| 中图分类: | O174.22 | |
| 科图分类: | ||
| 主题词: | 快速变换-傅里叶变换 , 傅里叶变换-快速变换 | |
| 电子资源: | ||
| ISBN: | ||
| 000 | 00930nam0 2200289 45 | |
| 001 | 0184002160 | |
| 005 | 20040520164143.8 | |
| 010 | @dCNY0.80 | |
| 091 | @a13192.63 | |
| 100 | @a19950705d1984 emky0chiy0121 ea | |
| 101 | 1 | @achi@ceng |
| 102 | @aCN@b310000 | |
| 105 | @ay z 000yy | |
| 106 | @ar | |
| 200 | 10 | @a快速傅里叶变换和卷积算法@Akuai su fu li ye bian huan he juan ji suan fa@f(法)H.J.努斯鲍默著@g胡光锐译 |
| 210 | @a上海@c上海科学技术文献出版社@d1984 | |
| 215 | @a292页@d19cm | |
| 300 | @a书名原文:Fast fourier transform and convolution algorithms | |
| 510 | 1 | @aFast fourier transform and convolution algorithms@zeng |
| 606 | @a快速变换-傅里叶变换 | |
| 606 | @a傅里叶变换-快速变换 | |
| 690 | @aO174.22@v3 | |
| 701 | 1 | @a努斯鲍默@Anu si bao mo@bH.J.@4著 |
| 702 | 0 | @a胡光锐@Ahu guang rui@4译 |
| 801 | 0 | @aCN@b上海图书馆@c20040520 |
| 801 | 2 | @aCN@bNLC@c20040520 |
| 905 | @f4@b131758-761@dO174.22@e61 | |
| 快速傅里叶变换和卷积算法/(法)H.J.努斯鲍默著/胡光锐译.-上海:上海科学技术文献出版社,1984 |
| 292页;19cm |
| 书名原文:Fast fourier transform and convolution algorithms |
| ISBN :CNY0.80 |
| ● |
| 相关链接 |
|
|
|
|
正题名:快速傅里叶变换和卷积算法
索取号:O174.22/61
 
预约/预借
| 序号 | 登录号 | 条形码 | 馆藏地/架位号 | 状态 | 备注 |
| 1 | 0131758 | 000422661 | 密集书库/ [索取号:O174.22/61] | 在馆 | |
| 2 | 0131759 | 000422670 | 密集书库/ [索取号:O174.22/61] | 在馆 | |
| 3 | 0131760 | 000422689 | 密集书库/ [索取号:O174.22/61] | 在馆 | |
| 4 | 0131761 | 000422652 | 第三借阅区/ [索取号:O174.22/61] | 在馆 | |
| 5 | 0131762 | 202449181 | 第二样本阅览室/ [索取号:O174.22/61] | 在馆 |